Bandeiras com círculos - Statistics

Estatísticas Gerais
  • Esse quiz foi jogado 84 vezes
  • A pontuação média é 21 de 25
Estatísticas das Respostas
Imagem Resposta % Correto
Brasil
100%
Coreia do Norte
100%
Coreia do Sul
100%
Índia
99%
Japão
99%
Portugal
99%
Macedónia do Norte
94%
Tunísia
94%
Bangladesh
93%
Cazaquistão
92%
Filipinas
90%
Paraguai
90%
Taiwan
85%
Laos
82%
Uganda
82%
Palau
80%
Quirguistão
80%
Níger
79%
Etiópia
77%
Belize
73%
Burundi
70%
Dominica
68%
Granada
66%
Namíbia
61%
Ruanda
55%
Nenhum quiz correspondente encontrado
Distribuição das Pontuações
Porcentagem de Pessoas com Cada Pontuação
Percentil de Números Respondidos
Sua Pontuação Histórica
Você não jogou esse quiz